ARRUPE JESUIT UNIVERSITY

CORONAVIRUS -STOP THE SPREAD - CLEAN,DISINFECT,COVER

Animals, my adventures. (Record no. 124489)

MARC details
000 -LEADER
fixed length control field 00710cam a2200241u 4500
001 - CONTROL NUMBER
control field 9328487
003 - CONTROL NUMBER IDENTIFIER
control field ARRUPE
005 - DATE AND TIME OF LATEST TRANSACTION
control field 20160329100407.0
008 - FIXED-LENGTH DATA ELEMENTS--GENERAL INFORMATION
fixed length control field 810225s1954 enk 000 0 eng
010 ## - LIBRARY OF CONGRESS CONTROL NUMBER
LC control number 55000620
040 ## - CATALOGING SOURCE
Original cataloging agency DLC
Transcribing agency CarP
Modifying agency DLC
041 1# - LANGUAGE CODE
Language code of text/sound track or separate title eng
Language code of original and/or intermediate translations of text ger
050 00 - LIBRARY OF CONGRESS CALL NUMBER
Classification number QL62
Item number .H443
300 ## - PHYSICAL DESCRIPTION
Dimensions 22cm.
100 1# - MAIN ENTRY--PERSONAL NAME
Personal name Heck, Lutz,
Dates associated with a name 1892-1983.
9 (RLIN) 23402
240 10 - UNIFORM TITLE
Uniform title <a href="Tiere-mein abenteuer.">Tiere-mein abenteuer.</a>
Language of a work English [from old catalog]
245 10 - TITLE STATEMENT
Title Animals, my adventures.
260 ## - PUBLICATION, DISTRIBUTION, ETC. (IMPRINT)
Place of publication, distribution, etc London,
Name of publisher, distributor, etc Methuen
Date of publication, distribution, etc [1954]
300 ## - PHYSICAL DESCRIPTION
Extent x, 169p.;
650 #0 - SUBJECT ADDED ENTRY--TOPICAL TERM
Topical term or geographic name as entry element Zoological specimens
General subdivision Collection and preservation.
9 (RLIN) 10783
650 #0 - SUBJECT ADDED ENTRY--TOPICAL TERM
Topical term or geographic name as entry element Zoos.
9 (RLIN) 23403
906 ## - LOCAL DATA ELEMENT F, LDF (RLIN)
a 0
b cbc
c premunv
d u
e ncip
f 19
g y-gencatlg
942 ## - ADDED ENTRY ELEMENTS (KOHA)
Source of classification or shelving scheme Library of Congress Classification
Koha item type Monograph ( Printed materials)
Holdings
Withdrawn status Lost status Source of classification or shelving scheme Damaged status Not for loan Collection code Home library Current library Shelving location Date acquired Total Checkouts Full call number Barcode Date last seen Price effective from Koha item type
    Library of Congress Classification     Main Collection ARRUPE LIBRARY ARRUPE LIBRARY Main Collection 29/03/2016   QL62.H443 46500007129 02/07/2019 29/03/2016 Monograph ( Printed materials)

 

Arrupe Library. PO Box MP320 Mt Pleasant, Harare, Zimbabwe
263 242 745411|librarian@aju.ac.zw